000 01706nam a2200217 a 4500
001 000000909
005 20200929145433.0
008 090609s1999 dr 001 0 spa d
040 _aDO-SdBNP
_bspa
_cBNPHU
082 _a344.72093021
_bR426t
110 1 _aRepública Dominicana.
_bSecretaría de Estado de Trabajo
_9491
245 1 0 _aTarifas de salarios mínimos nacionales aprobadas por el Comité Nacional de Salarios.
260 _aSanto Domingo :
_bSecretaría de Estado de Trabajo,
_c1999.
300 _a137 p. ;
_c21cm.
500 _aIncluye referencias bibliográficas y notas al pie de las páginas
505 0 _a1. Presentación --
_t2. Resolución no. 4-94 de fecha 21/9/94 --
_t3. Resolución no. 5-97 de fecha 6/11/97 --
_t4. Resolución no. 1- 98 de fecha 16/5/98--
_t5. Resolución no. 3-98 de fecha 30/5/98 --
_t6. Resolución no. 4-98 de fecha 14/8/98 --
_t7. Resolución no. 5-98 de fecha 22/10/98 --
_t8. Resolución no. 6-98 de fecha 4/11 /98 --
_t9. Resolución no. 1-99 de fecha 1/3/99 --
_t10. Resolución no. 2-99 de fecha 1/3/99 --
_t11. Resolución no. 3-99 de fecha 8/6/99 --
_t12. Resolución no. 4-99 de fecha 8/6/99 --
_t13. Resolución no. 5-99 de fecha 23/7/99 --
_t14. Resolución no. 7-99 de fecha 23/7/99 --
_t15. Resolución no. 8-99 de fecha 23/7/99 --
_t16. Resolución no. 9-99 de fecha 3/7/99 --
_t17. Resolución no. 10-99 de fecha 27/7/99 --
_t18. Resumen de los decretos, leyes y resoluciones que fijan salarios mínimos nacionales, desde el 1930 hasta 1999
590 _aInventariado, 2018/VM
650 4 _aSalarios
_xLegislación
_zRepública Dominicana
_93215
650 4 _aSalario mínimo
_xLegislación
_zRepública Dominicana
_93216
910 _aValidado. Control de calidad MFF
999 _c900
_d900